000 00561cam a22002053a 4500
001 41636
003 PGUSA
005 20140828083935.0
008 121216s2012||||xxu|||||s|||||000 | eng d
040 _aPGUSA
_beng
042 _adc
100 1 _aKingsley, Henry,
_d1830-1876
245 1 0 _aRavenshoe
_h[electronic resource] /
_cHenry Kingsley
260 _bProject Gutenberg,
_c2012
506 _aPublic domain in the USA.
516 _aElectronic text
830 0 _aProject Gutenberg
_v41636
856 4 0 _uhttp://www.gutenberg.org/ebooks/41636
942 _cEB
999 _c270888
_d270888